Turbulent forced convection in channels and bundles : theory and applications to heat exchangers and nuclear reactors /
Guardado en:
| Autor Corporativo: | |
|---|---|
| Otros Autores: | , |
| Formato: | Libro |
| Idioma: | English |
| Publicado: |
Washington : New York :
Hemisphere Pub. Corp. ; McGraw-Hill,
c1979.
|
| Materias: | |
| Etiquetas: |
Agregar Etiqueta
Sin Etiquetas, Sea el primero en etiquetar este registro!
|
| LEADER | 01307cam a22003135a 4500 | ||
|---|---|---|---|
| 001 | EIQ.libpla001238 | ||
| 008 | 790416s1979####dcua#####b####001#0#eng#d | ||
| 005 | 20061116184124.0 | ||
| 245 | 0 | 0 | |a Turbulent forced convection in channels and bundles : |b theory and applications to heat exchangers and nuclear reactors / |c edited by S. Kakaç, D.B. Spalding. |
| 260 | |a Washington : |b Hemisphere Pub. Corp. ; |a New York : |b McGraw-Hill, |c c1979. | ||
| 300 | |a 2 v. (xiii, 1132 p.) : |b il. ; |c 25 cm. | ||
| 500 | |a "Advanced Study Institute book." | ||
| 504 | |a Bibliografía: p. 1107-1116. | ||
| 500 | |a Incluye índice. | ||
| 020 | |a 0891161481 | ||
| 700 | 1 | |a Kakaç, S. |q (Sadik), |e ed. |4 edt | |
| 700 | 1 | |a Spalding, D. B. |q (Dudley Brian), |d 1923-, |e ed. |4 edt | |
| 711 | 2 | |a NATO Advanced Study Institute |d (1978 : |c Istanbul, Turkey) | |
| 082 | 0 | 0 | |a 621.402/2 |2 19 |
| 650 | 4 | |a Intercambiadores de calor |x Diseño. | |
| 650 | 4 | |a Intercambiadores de calor |x Construcción. | |
| 650 | 4 | |a Calor |x Convección. | |
| 650 | 4 | |a Heat exchangers |x Design. | |
| 650 | 4 | |a Heat exchangers |x Construction. | |
| 650 | 0 | |a Heat |x Convection. | |
| 010 | |a 79012842 | ||
| 040 | |a DLC |c DLC |d AR-BbSID | ||
| 859 | |a AR-BbSID |b BIB. PLAPIQUI |h 621.4 |i T 842 |p 798 |v Vol. 1 |3 Vol. 1 | ||
| 859 | |a AR-BbSID |b BIB. PLAPIQUI |h 621.4 |i T 842 |p 799 |v Vol. 2 |3 Vol. 2 | ||
